Smart City And Urban Digital Transformation (Record no. 395780)

MARC details
000 -LEADER
fixed length control field 00334 a2200133 4500
000 - LEADER
fixed length control field nam a22 7a 4500
100 ## - MAIN ENTRY--PERSONAL NAME
Personal name Viktor Benes
110 ## - MAIN ENTRY--CORPORATE NAME
Corporate name or jurisdiction name as entry element Viktor Benes
245 ## - TITLE STATEMENT
Title Smart City And Urban Digital Transformation
250 ## - EDITION STATEMENT
Edition statement latest edition
260 ## - PUBLICATION, DISTRIBUTION, ETC.
Name of publisher, distributor, etc. Radiant pages
Date of publication, distribution, etc. 2026
264 ## - PRODUCTION, PUBLICATION, DISTRIBUTION, MANUFACTURE, AND COPYRIGHT NOTICE
Name of producer, publisher, distributor, manufacturer Radiant pages
Date of production, publication, distribution, manufacture, or copyright notice 2026
942 ## - ADDED ENTRY ELEMENTS (KOHA)
Koha item type Books

No items available.

© Designed and Maintained by Vivekananda Library, MDU Rohtak